000 00457nam a2200169 i 4500
001 86187
003 ES-MaACL
005 20230906175407.0
007 t|
008 041209s1933 fr ||||1| fre d
100 1 _aKessel, Joseph.
_967949
245 1 0 _aMarchés d'esclaves /
_cJ. Kessel.
250 _a12éme ed.
260 _aParis :
_bLes Éditions de France,
_c1933 (
_eCorbeil :
_fCrété)
300 _a223 p. ;
_c18 cm.
852 _aES-MaACL
_jA-1720
999 _c86187
_d86187